1857 visions resurrected: (Record no. 164829)
[ view plain ]
| 000 -LEADER | |
|---|---|
| fixed length control field | 00641nam a22001937a 4500 |
| 005 - DATE AND TIME OF LATEST TRANSACTION | |
| control field | 20220221165752.0 |
| 010 ## - LCCN (DPL NO) | |
| LC control number | ENG-125338 |
| 020 ## - INTERNATIONAL STANDARD BOOK NUMBER | |
| International Standard Book Number | 9789380336008 |
| Terms of availability | 450.00 |
| 035 ## - SYSTEM CONTROL NUMBER | |
| System control number | EN-108870 |
| 037 ## - SOURCE OF ACQUISITION | |
| Source of stock number/acquisition | DBAD/PUB |
| 082 ## - DEWEY DECIMAL CLASSIFICATION NUMBER | |
| Classification number | 954.03 |
| 100 ## - MAIN ENTRY--PERSONAL NAME | |
| Personal name | Sen, Ranjit |
| 245 ## - TITLE STATEMENT | |
| Title | 1857 visions resurrected: |
| Remainder of title | shaping ideas from oblivion/ |
| Statement of responsibility, etc | by Ranjit Sen |
| 260 ## - PUBLICATION, DISTRIBUTION, ETC. (IMPRINT) | |
| Place of publication, distribution, etc | Kolkata |
| Name of publisher, distributor, etc | Frame Eternity |
| Date of publication, distribution, etc | 2010 |
| 270 ## - ADDRESS | |
| Address | 78B-Shakespeare Sarani, |
| City | Kolkata |
| Postal code | 700019 |
| Electronic mail address | mahabodhibookagency@hotmail.com |
| Telephone number | 033-22419363, 9831077368 |
| 300 v# - PHYSICAL DESCRIPTION | |
| Extent | 206p. |
| Dimensions | 22cm(Hb) |
| 500 ## - GENERAL NOTE | |
| General note | include bibliography and index |
| 942 ## - ADDED ENTRY ELEMENTS (KOHA) | |
| Source of classification or shelving scheme | Dewey Decimal Classification |
| Item type | English Books |
| Classification part | 954.03 |
| Call number suffix | SEN |
| Withdrawn status | Lost status | Not for loan | Collection code | Home library | Current library | Date acquired | Source of acquisition | Cost, normal purchase price | Full call number | Barcode | Copy number | Cost, replacement price | Koha item type |
|---|---|---|---|---|---|---|---|---|---|---|---|---|---|
| Non-fiction | Ashok Vihar | Ashok Vihar | 28/05/2019 | DBAD/PUB | 450.00 | 954.03 SEN | EN-108870 | 1 | 450.00 | English Books |
